High-Performance Modelling and Simulation for Big Data Applications (Record no. 33620)

MARC details
000 -LEADER
fixed length control field 00621nam a2200121Ia 4500
008 - FIXED-LENGTH DATA ELEMENTS--GENERAL INFORMATION
fixed length control field 220620s9999||||xx |||||||||||||| ||und||
245 #0 - TITLE STATEMENT
Title High-Performance Modelling and Simulation for Big Data Applications
Remainder of title Selected Results of the COST Action IC1406 cHiPSet
546 ## - LANGUAGE NOTE
Language note English[eng]
650 ## - SUBJECT ADDED ENTRY--TOPICAL TERM
Topical term or geographic name entry element Computer science||Computer system failures||Computer communication systems||Microprocessors||Application software||Logic design||Operating systems (Computers)
700 ## - ADDED ENTRY--PERSONAL NAME
Personal name Kołodziej, Joanna||González-Vélez, Horacio
856 ## - ELECTRONIC LOCATION AND ACCESS
Uniform Resource Identifier <a href="https://library.oapen.org/bitstream/20.500.12657/23334/1/1006821.pdf">https://library.oapen.org/bitstream/20.500.12657/23334/1/1006821.pdf</a>
942 ## - ADDED ENTRY ELEMENTS (KOHA)
Koha item type E-Books
Holdings
Withdrawn status Lost status Damaged status Not for loan Home library Current library Date acquired Total Checkouts Date last seen Price effective from Koha item type
        Kerala University of Digital Sciences, Innovation and Technology Knowledge Centre Kerala University of Digital Sciences, Innovation and Technology Knowledge Centre 20/06/2022   20/06/2022 20/06/2022 E-Books